New Headway Intermediate Student's book. (Record no. 25510)
[ view plain ]
| 000 -LEADER | |
|---|---|
| fixed length control field | 00295nam a22001217a 4500 |
| 040 ## - CATALOGING SOURCE | |
| Transcribing agency | RUA |
| 082 ## - DEWEY DECIMAL CLASSIFICATION NUMBER | |
| Classification number | OXF LIZ 2009 C160 Or. |
| 100 ## - MAIN ENTRY--AUTHOR NAME | |
| Personal name | LIZ& JOHN SOARS |
| 245 ## - TITLE STATEMENT | |
| Title | New Headway Intermediate Student's book. |
| 260 ## - PUBLICATION, DISTRIBUTION, ETC. (IMPRINT) | |
| Place of publication | PHNOM PENH |
| Name of publisher | RUA |
| Year of publication | 2009 |
| 300 ## - PHYSICAL DESCRIPTION | |
| Number of Pages | 159p. |
| Other physical details | ill. |
| Dimensions | 29cm. |
| 942 ## - ADDED ENTRY ELEMENTS (KOHA) | |
| Koha item type | សៀវភៅភាសាអង់គ្លេស |
| 952 ## - LOCATION AND ITEM INFORMATION (KOHA) | |
| Withdrawn status [LOCAL, KOHA] | 0 |
| 952 ## - LOCATION AND ITEM INFORMATION (KOHA) | |
| Withdrawn status [LOCAL, KOHA] | 0 |
| Permanent Location | Date acquired | Koha item type | Lost status | Shelving location | Barcode | Current Location | Full call number |
|---|---|---|---|---|---|---|---|
| Library Block C | 2026-02-20 | សៀវភៅភាសាអង់គ្លេស | C160 | C034497 | Library Block C | OXF LIZ 2009 C160 Or. | |
| Library Block C | 2026-02-20 | សៀវភៅភាសាអង់គ្លេស | C160 | C034537 | Library Block C | OXF LIZ 2009 C160 Or. |